[Event "4th Budapest Open"]
[Site "Budapest, Hungary"]
[Date "2014.08.24"]
[Round "9.20"]
[White "Rajcsanyi, Peter"]
[Black "Szlenka, Attila"]
[Result "1/2-1/2"]
[WhiteElo "1860"]
[BlackElo "1775"]
[PlyCount "77"]
[EventDate "2014.??.??"]

1. e4 c5 2. Nf3 g6 3. d4 Bg7 4. Nc3 cxd4 5. Nxd4 Nc6 6. Be3 d6 7. Qd2 Nf6 8. f3
Bd7 9. g4 h5 10. g5 Nh7 11. h4 Ne5 12. O-O-O Nf8 13. f4 Ng4 14. Bg1 Qa5 15. Kb1
Rc8 16. Nb3 Bxc3 17. Nxa5 Bxd2 18. Rxd2 b6 19. Nb3 Ne6 20. f5 Nc5 21. Bd4 Nxb3
22. axb3 O-O 23. Bd3 Bc6 24. Rg1 Ne5 25. Rf2 Nxd3 26. cxd3 Bb5 27. Rg3 e5 28.
Bc3 a5 29. d4 Bc6 30. Re3 exd4 31. Bxd4 b5 32. f6 Rfe8 33. Rfe2 Bb7 34. e5 dxe5
35. Rxe5 Rxe5 36. Rxe5 Bc6 37. Bc5 a4 38. b4 Bd7 39. Kc2 1/2-1/2

[Event "4th Budapest Open"]
[Site "Budapest, Hungary"]
[Date "2014.08.24"]
[Round "9.21"]
[White "Abraham, Lajos"]
[Black "Ronyai, Imre"]
[Result "1-0"]
[WhiteElo "1803"]
[BlackElo "1540"]
[PlyCount "61"]
[EventDate "2014.??.??"]

1. d4 Nf6 2. c4 g6 3. Nc3 d5 4. cxd5 Nxd5 5. e4 Nxc3 6. bxc3 Bg7 7. Bb5+ Bd7 8.
Bxd7+ Nxd7 9. Rb1 b6 10. Nf3 O-O 11. c4 c5 12. d5 Ne5 13. Nxe5 Bxe5 14. f4 Bc3+
15. Bd2 Bd4 16. Qf3 e5 17. fxe5 Bxe5 18. O-O f5 19. exf5 Rxf5 20. Qg4 Bd4+ 21.
Kh1 Re5 22. Rf3 Qe7 23. Rbf1 Kg7 24. d6 Qxd6 25. Bf4 Rd8 26. Bxe5+ Bxe5 27.
Rf7+ Kg8 28. Qh3 Bg7 29. Qf3 Rf8 30. Rxf8+ Bxf8 31. Qf7+ 1-0

[Event "4th Budapest Open"]
[Site "Budapest, Hungary"]
[Date "2014.08.24"]
[Round "9.22"]
[White "Birovecz, Ben Jordan"]
[Black "Rzin, Mehdi"]
[Result "0-1"]
[WhiteElo "1410"]
[BlackElo "1757"]
[PlyCount "68"]
[EventDate "2014.??.??"]

1. e4 d6 2. Bc4 Nf6 3. Nc3 g6 4. d3 Bg7 5. Be3 O-O 6. d4 c6 7. Bb3 Qa5 8. Qd2
Ng4 9. Bg5 Re8 10. O-O-O c5 11. Qf4 Kh8 12. Bxf7 Rf8 13. Bxe7 cxd4 14. Bxf8
Bxf8 15. Bb3 Bh6 16. Qxh6 Nxh6 17. Nd5 Nc6 18. Ne2 Qc5 19. Rd3 a5 20. Rf3 Bg4
21. Rf4 Bxe2 22. Nc7 Rc8 23. Ne6 Qe5 24. g3 a4 25. Bd5 Bg4 26. Nf8 Qe7 27. f3
Rxf8 28. Rxf8+ Qxf8 29. fxg4 Qf3 30. Re1 Nxg4 31. Kb1 Qf2 32. Rc1 Qxh2 33. c3
d3 34. Rd1 Qc2+ 0-1

[Event "4th Budapest Open"]
[Site "Budapest, Hungary"]
[Date "2014.08.24"]
[Round "9.23"]
[White "Szurkos, Andras"]
[Black "Gorog, Almos"]
[Result "0-1"]
[WhiteElo "1775"]
[BlackElo "1627"]
[PlyCount "82"]
[EventDate "2014.??.??"]

1. e4 e6 2. Nc3 d5 3. d4 Bb4 4. e5 c5 5. Nf3 Nc6 6. a3 cxd4 7. axb4 dxc3 8.
bxc3 Qc7 9. Bb5 Bd7 10. O-O Nxe5 11. Bf4 Nxf3+ 12. Qxf3 Qd8 13. Qg3 Bxb5 14.
Qxg7 Qf6 15. Be5 Qxg7 16. Bxg7 Bxf1 17. Kxf1 f6 18. Bxh8 Kf7 19. g4 Ne7 20. g5
Rxh8 21. gxf6 Kxf6 22. Rxa7 Rb8 23. Ke2 Ke5 24. Ra1 Kd6 25. f4 Ng6 26. Rf1 Rf8
27. Ke3 Kc6 28. Rf3 Kb5 29. Rh3 Rf7 30. Rh6 Kc4 31. Kd2 b6 32. Rh3 Nxf4 33. Re3
Rg7 34. Rg3 Rxg3 35. hxg3 Nh5 36. g4 Nf6 37. Ke3 Nxg4+ 38. Kf4 Kxc3 39. Kxg4
Kxb4 40. Kf4 Kc3 41. Ke5 Kxc2 0-1

[Event "4th Budapest Open"]
[Site "Budapest, Hungary"]
[Date "2014.08.24"]
[Round "9.25"]
[White "Csermely, Zoltan"]
[Black "Bartok, David Dominik"]
[Result "1/2-1/2"]
[WhiteElo "1656"]
[BlackElo "1492"]
[PlyCount "90"]
[EventDate "2014.??.??"]

1. Nf3 d5 2. c4 e6 3. cxd5 exd5 4. Nc3 Nf6 5. d4 Be7 6. Bf4 Bd6 7. Qd2 O-O 8.
Nb5 Ne4 9. Qc1 Bb4+ 10. Bd2 Nxd2 11. Nxd2 c6 12. Nc3 Bf5 13. g3 Qf6 14. a3 Ba5
15. Nf3 Be4 16. Qf4 Qxf4 17. gxf4 Bxf3 18. exf3 Re8+ 19. Kd2 c5 20. Bb5 Nc6 21.
Bxc6 bxc6 22. Kd3 cxd4 23. Na4 Bc7 24. Kxd4 Bxf4 25. Nc5 Be5+ 26. Kd3 Bxb2 27.
Ra2 Be5 28. Nd7 Rad8 29. Nc5 Bd6 30. Rc2 Bxc5 31. Rxc5 Rc8 32. Rhc1 Re6 33.
Rxd5 Kf8 34. Rd7 Rf6 35. Rxa7 Rxf3+ 36. Ke2 Rh3 37. Rd1 Kg8 38. Rc7 Re8+ 39.
Kf1 Rxa3 40. Rxc6 h6 41. Kg2 Raa8 42. Rd7 Rac8 43. Ra6 Red8 44. Rb7 Ra8 45. Rc6
Rab8 1/2-1/2

[Event "4th Budapest Open"]
[Site "Budapest, Hungary"]
[Date "2014.08.24"]
[Round "9.26"]
[White "Mihajlova, Diana"]
[Black "Tapp, Ashley"]
[Result "0-1"]
[WhiteElo "1492"]
[BlackElo "1646"]
[PlyCount "52"]
[EventDate "2014.??.??"]

1. e4 c5 2. Nf3 Nc6 3. d4 cxd4 4. Nxd4 Nf6 5. Nc3 e5 6. Nb3 Bb4 7. Bc4 O-O 8.
Bd5 Nxd5 9. exd5 Ne7 10. d6 Nf5 11. a3 Bxc3+ 12. bxc3 Qf6 13. Be3 b6 14. Qd5
Rb8 15. Nd2 Bb7 16. Ne4 Bxd5 17. Nxf6+ gxf6 18. O-O Be4 19. Rad1 Rbc8 20. Rfe1
Bxc2 21. Rd2 Rxc3 22. g4 Nh4 23. Kf1 Nf3 24. Ke2 Nxe1 25. Kxe1 Rfc8 26. f4
Rxe3+ 0-1

[Event "4th Budapest Open"]
[Site "Budapest, Hungary"]
[Date "2014.08.24"]
[Round "9.30"]
[White "Szabo, Miklos Istvan"]
[Black "Papp, Andras"]
[Result "1-0"]
[WhiteElo "1321"]
[BlackElo "1421"]
[PlyCount "69"]
[EventDate "2014.??.??"]

1. e4 c6 2. d4 d5 3. exd5 cxd5 4. Nc3 Nf6 5. Be2 Bf5 6. Nf3 Nbd7 7. O-O a6 8.
Bf4 Nb6 9. Ne5 Bg6 10. Re1 e6 11. a3 Rc8 12. Bf1 Be7 13. Rc1 Nh5 14. Be3 O-O
15. Qd2 Nc4 16. Nxc4 dxc4 17. d5 e5 18. f3 Bh4 19. Red1 Qd6 20. Bg5 Bxg5 21.
Qxg5 Qb6+ 22. Kh1 f6 23. Qd2 f5 24. d6 Qd4 25. Qxd4 exd4 26. Rxd4 b5 27. f4 Bf7
28. Re1 Nf6 29. d7 Rcd8 30. Red1 Be6 31. Rd6 Bxd7 32. Rxa6 Bc8 33. Rxd8 Rxd8
34. Ra8 Re8 35. Nxb5 1-0